[Event "Open Nuevo Centro. Jornada 5"]
[Site "Chess.com"]
[Date "2020.07.17"]
[Round "8"]
[White "Gimenez Saiz, Jose Raul"]
[Black "Alvarez Usina, Jordi"]
[Result "1-0"]
[WhiteElo "1554"]
[BlackElo "1332"]
[PlyCount "55"]
[EventDate "2020.??.??"]

1. d4 d5 2. e3 Bf5 3. c4 e6 4. Nc3 Nf6 5. cxd5 Nxd5 6. Nf3 Bb4 7. Bd2 Nc6 8. a3
Ba5 9. b4 Bb6 10. Rc1 O-O 11. Na4 Nf6 12. Nxb6 axb6 13. b5 Ne7 14. a4 Ned5 15.
Bc4 Qd6 16. O-O Qa3 17. Bb3 Ne4 18. Ne5 Qb2 19. Be1 f6 20. Nd3 Qa3 21. f3 Nd6
22. e4 Ne3 23. Qe2 Nxf1 24. Qxf1 Bg6 25. Bxe6+ Kh8 26. Rxc7 Rfe8 27. Bb4 Qxd3
28. Qxd3 1-0

[Event "Open Nuevo Centro. Jornada 5"]
[Site "Chess.com"]
[Date "2020.07.17"]
[Round "8"]
[White "Martin Ayala, David"]
[Black "Reig Albero, Ferran"]
[Result "0-1"]
[WhiteElo "1897"]
[BlackElo "1854"]
[PlyCount "68"]
[EventDate "2020.??.??"]

1. e4 c5 2. Nc3 d6 3. f4 e6 4. Nf3 Nc6 5. Bc4 Nf6 6. O-O Be7 7. Qe1 O-O 8. f5
d5 9. exd5 exd5 10. Bb5 d4 11. Ne4 Bxf5 12. d3 Bg6 13. Bf4 Re8 14. Bxc6 bxc6
15. Ne5 Qc8 16. Nxg6 hxg6 17. Qg3 Nd5 18. Bd6 Ne3 19. Rf2 Qe6 20. Bxe7 Qxe7 21.
Re1 c4 22. Ng5 f6 23. Nf3 g5 24. Nxd4 Qc5 25. c3 Nd5 26. Rfe2 Rxe2 27. Rxe2 Nf4
28. Re7 Qxe7 29. h4 cxd3 30. hxg5 d2 31. gxf6 d1=Q+ 32. Kh2 Qxf6 33. Nf3 Qh6+
34. Nh4 Qdh5 0-1

[Event "Open Nuevo Centro. Jornada 5"]
[Site "Chess.com"]
[Date "2020.07.17"]
[Round "8"]
[White "Gil López, Alejandro"]
[Black "Randazzo, Adrián"]
[Result "0-1"]
[WhiteElo "2171"]
[BlackElo "2487"]
[PlyCount "78"]
[EventDate "2020.??.??"]

1. e4 c5 2. Nf3 d6 3. Bc4 e6 4. c3 Nf6 5. d3 a6 6. a4 Nc6 7. Bg5 d5 8. exd5
exd5 9. Bb3 Be6 10. O-O Be7 11. Re1 O-O 12. d4 Qb6 13. dxc5 Bxc5 14. Be3 Bxe3
15. Rxe3 Rad8 16. Re2 Bg4 17. Nbd2 d4 18. h3 Bxf3 19. Nxf3 dxc3 20. Qc2 Na5 21.
Ra3 cxb2 22. Qxb2 Qc7 23. g3 h6 24. Ba2 Nc6 25. Rb3 Rd7 26. Rb6 Rfd8 27. a5
Nxa5 28. Rxf6 gxf6 29. Qxf6 Rd6 30. Qf5 Nc6 31. Rc2 Qd7 32. Qh5 Kg7 33. Nh4 Rf6
34. g4 Qd1+ 35. Kg2 Qxc2 36. Nf5+ Rxf5 37. gxf5 Qxa2 38. Qg4+ Kh7 39. Qe4 Qd5
0-1

[Event "Open Nuevo Centro. Jornada 5"]
[Site "Chess.com"]
[Date "2020.07.17"]
[Round "8"]
[White "Sampedro Roig, Josep Francesc"]
[Black "Gutierrez Marco, Dario"]
[Result "0-1"]
[WhiteElo "1686"]
[BlackElo "1838"]
[PlyCount "64"]
[EventDate "2020.??.??"]

1. e4 c5 2. Nf3 e6 3. d4 cxd4 4. Nxd4 Nc6 5. Nb3 Qc7 6. Bd3 a6 7. O-O Nf6 8.
N1d2 d6 9. c3 Be7 10. a4 O-O 11. Nc4 Rb8 12. a5 Nd7 13. Be3 Nce5 14. Nb6 Nxb6
15. Bxb6 Qd7 16. Be2 Ng6 17. g3 e5 18. h4 f5 19. h5 Nh8 20. Qd5+ Nf7 21. Bc4 f4
22. Rad1 Qg4 23. Qd3 Qh3 24. gxf4 Qxh5 25. f5 Kh8 26. Kg2 Ng5 27. Rh1 Qg4+ 28.
Kf1 Qxe4 29. Bd5 Qxd3+ 30. Rxd3 Bxf5 31. Rg3 Be4 32. Rxg5 Bxd5 0-1

[Event "Open Nuevo Centro. Jornada 5"]
[Site "Chess.com"]
[Date "2020.07.17"]
[Round "8"]
[White "Pallardo Lozoya, Jose Vicente"]
[Black "Zamora Soler, Raul"]
[Result "1-0"]
[WhiteElo "2306"]
[BlackElo "1841"]
[PlyCount "67"]
[EventDate "2020.??.??"]

1. e4 c5 2. Nc3 Nc6 3. g3 e5 4. Bg2 d6 5. d3 Be7 6. f4 Nf6 7. Nf3 Nd4 8. fxe5
Nxf3+ 9. Qxf3 dxe5 10. O-O Bg4 11. Qf2 O-O 12. h3 Be6 13. g4 a6 14. Be3 Nd7 15.
Nd5 Bh4 16. Qd2 Rb8 17. a4 Bxd5 18. exd5 Be7 19. a5 Bd6 20. Rf2 Qc7 21. c4 b5
22. axb6 Rxb6 23. Raf1 Rb3 24. g5 Nb8 25. Be4 a5 26. h4 a4 27. h5 Qd7 28. Bf5
Qb7 29. Qe2 a3 30. bxa3 Rxa3 31. g6 Qb3 32. Qg4 fxg6 33. Be6+ Kh8 34. Rxf8+ 1-0

[Event "Open Nuevo Centro. Jornada 5"]
[Site "Chess.com"]
[Date "2020.07.17"]
[Round "8"]
[White "Vega Gutiérrez, Sabrina"]
[Black "Luque Saiz, Andrés"]
[Result "1-0"]
[WhiteElo "2174"]
[BlackElo "1957"]
[PlyCount "69"]
[EventDate "2020.??.??"]

1. e4 c6 2. d4 d5 3. e5 c5 4. dxc5 e6 5. a3 Bxc5 6. b4 Bb6 7. Nf3 Ne7 8. Bd3
Ng6 9. Bb2 a5 10. b5 a4 11. O-O Nf4 12. Qd2 Nxd3 13. Qxd3 O-O 14. Nbd2 Nd7 15.
c4 Nc5 16. Qc2 Ba7 17. Rad1 dxc4 18. Nxc4 Qe7 19. b6 Bb8 20. Nd6 Ra5 21. Bd4
Nb3 22. Nxc8 Qxa3 23. Ng5 g6 24. Nd6 Bxd6 25. exd6 Rxg5 26. Bf6 Rf5 27. d7 Rxf6
28. d8=Q Rxd8 29. Rxd8+ Kg7 30. Qc3 Qe7 31. Rc8 Qd6 32. h4 Nd2 33. Rd1 Nf3+ 34.
Qxf3 Qxd1+ 35. Qxd1 1-0

[Event "Open Nuevo Centro. Jornada 5"]
[Site "Chess.com"]
[Date "2020.07.17"]
[Round "8"]
[White "Garrido Silos, Pablo"]
[Black "Donate Moreno, David"]
[Result "0-1"]
[WhiteElo "1435"]
[BlackElo "1588"]
[PlyCount "72"]
[EventDate "2020.??.??"]

1. e4 e5 2. Nf3 Nc6 3. Bb5 Nd4 4. Nxd4 exd4 5. O-O a6 6. Bc4 d6 7. c3 dxc3 8.
dxc3 Nf6 9. Bg5 Be7 10. Bxf6 Bxf6 11. Nd2 O-O 12. Nf3 Be6 13. Bxe6 fxe6 14. Re1
e5 15. Qd5+ Kh8 16. Qxb7 Rb8 17. Qxa6 Rxb2 18. Qa3 Qb8 19. Kf1 Qb6 20. Re2 Rb1+
21. Rxb1 Qxb1+ 22. Re1 Qd3+ 23. Kg1 Bd8 24. Qb3 h5 25. Qb2 h4 26. Qd2 Qc4 27.
Qc2 h3 28. Nd2 Qc5 29. Nb3 Qc4 30. gxh3 Qe6 31. Qd3 Bh4 32. Re2 Qg6+ 33. Kh1
Bxf2 34. Qd1 Bb6 35. Rg2 Qxe4 36. Qe2 Qf4 0-1

[Event "Open Nuevo Centro. Jornada 5"]
[Site "Chess.com"]
[Date "2020.07.17"]
[Round "8"]
[White "Orts Tomás, Marc"]
[Black "Movsisyan, Tigran"]
[Result "1-0"]
[WhiteElo "1727"]
[BlackElo "1851"]
[PlyCount "71"]
[EventDate "2020.??.??"]

1. c4 c6 2. Nf3 e6 3. g3 d5 4. Bg2 Nf6 5. O-O Be7 6. b3 O-O 7. Bb2 Nbd7 8. Qc2
Qc7 9. d4 Re8 10. Nbd2 Bf8 11. e4 dxe4 12. Nxe4 Nxe4 13. Qxe4 Nf6 14. Qc2 Rb8
15. Rfe1 c5 16. dxc5 Qxc5 17. h4 Be7 18. Ng5 h6 19. Ne4 Nxe4 20. Bxe4 b6 21.
Be5 Bd6 22. Bb2 Bxg3 23. Kg2 Bc7 24. Qc3 f6 25. Rad1 Bb7 26. b4 Bxe4+ 27. Rxe4
Qf5 28. f3 Rbd8 29. Red4 Rxd4 30. Rxd4 Be5 31. Qd2 Bxd4 32. Qxd4 e5 33. Qd5+
Kh7 34. Qd2 Re7 35. c5 Rd7 36. Qc1 1-0

[Event "Open Nuevo Centro. Jornada 5"]
[Site "Chess.com"]
[Date "2020.07.17"]
[Round "8"]
[White "Montesinos Diaz, Luis"]
[Black "Chernikov, Vladimir"]
[Result "0-1"]
[WhiteElo "1747"]
[BlackElo "2197"]
[PlyCount "74"]
[EventDate "2020.??.??"]

1. d4 Nf6 2. Nf3 d6 3. e3 g6 4. b4 Bg7 5. Bb2 a5 6. b5 Nbd7 7. a4 O-O 8. Nbd2
Re8 9. Be2 e5 10. O-O e4 11. Ne1 d5 12. c4 c6 13. Nb3 h5 14. Qd2 Ng4 15. h3 Nh6
16. cxd5 cxd5 17. Rc1 Qg5 18. Kh1 b6 19. Rg1 Bf8 20. Bf1 Bd6 21. Rc6 Re6 22.
Qc2 Bb7 23. Rxd6 Rxd6 24. Qc7 Rf6 25. Qxb7 Rd8 26. Qc7 Rxf2 27. Nc1 Nf5 28. Nc2
Ng3+ 29. Kh2 Nxf1+ 30. Kh1 Nf8 31. Qe5 Qxe5 32. dxe5 Rxc2 33. Rxf1 Rxb2 34. Rd1
Ne6 35. Kg1 Rb1 36. Kf2 Rc8 37. Ne2 Rxd1 0-1

[Event "Open Nuevo Centro. Jornada 5"]
[Site "Chess.com"]
[Date "2020.07.17"]
[Round "8"]
[White "Segarra Martinez, Axel"]
[Black "Granero Roca, Antonio"]
[Result "1-0"]
[WhiteElo "2264"]
[BlackElo "2437"]
[PlyCount "81"]
[EventDate "2020.??.??"]

1. e4 c6 2. d4 d5 3. exd5 cxd5 4. Bd3 Nc6 5. c3 Qc7 6. Na3 a6 7. h3 Nf6 8. Nf3
g6 9. O-O Bg7 10. Re1 O-O 11. Ne5 Bf5 12. Bf4 Qb6 13. Rb1 Rfe8 14. Nc2 Bxd3 15.
Qxd3 Ne4 16. Ng4 h5 17. Nge3 e6 18. c4 Nxd4 19. cxd5 Nxc2 20. Qxc2 f5 21. dxe6
Rac8 22. Qa4 Rxe6 23. Nd5 Qxf2+ 24. Kh2 Rc2 25. Rg1 Re5 26. Rbf1 Qc5 27. Ne3
Re2 28. Rc1 Qe7 29. Qc4+ Kh7 30. Qxe2 Re6 31. Rc7 Qh4 32. g3 Qd8 33. Rd1 Qe8
34. Rdd7 Nf6 35. Rxg7+ Kh8 36. Qd3 h4 37. gxh4 Re4 38. Qc3 Re6 39. Rh7+ Kg8 40.
Rcg7+ Kf8 41. Qc5+ 1-0

[Event "Open Nuevo Centro. Jornada 5"]
[Site "Chess.com"]
[Date "2020.07.17"]
[Round "8"]
[White "Soliva Ruiz, Ramon"]
[Black "Chofre Murcia, Adrián"]
[Result "0-1"]
[WhiteElo "1453"]
[BlackElo "1668"]
[PlyCount "89"]
[EventDate "2020.??.??"]

1. Nc3 e5 2. b3 Nc6 3. Bb2 Nf6 4. g3 d5 5. e3 Be6 6. Nge2 Bd6 7. Bg2 O-O 8. O-O
Qe7 9. f4 e4 10. Nb5 a6 11. Nxd6 cxd6 12. Nd4 Nxd4 13. Bxd4 Bg4 14. Qc1 Qe6 15.
Qb2 Bf5 16. Bxf6 Qxf6 17. Qxf6 gxf6 18. h3 h5 19. Rad1 Rac8 20. c3 b5 21. Rf2
Rb8 22. Bf1 Rfc8 23. Kh2 Kf8 24. Be2 Bg6 25. g4 hxg4 26. Bxg4 f5 27. Be2 Ke7
28. Rg2 Kf6 29. Rdg1 Rh8 30. Rg5 Rh4 31. R1g3 Rbh8 32. d3 Ke7 33. c4 dxc4 34.
dxc4 b4 35. c5 a5 36. cxd6+ Kd7 37. Bb5+ Kxd6 38. Bf1 R4h6 39. Bg2 Ke7 40. Bh1
Rc8 41. Bg2 Rc2 42. h4 Rxh4+ 43. Rh3 Rxh3+ 44. Kxh3 Rxa2 45. Rxg6 0-1

[Event "Open Nuevo Centro. Jornada 5"]
[Site "Chess.com"]
[Date "2020.07.17"]
[Round "8"]
[White "Grigorev, Artur"]
[Black "Ainsa Jimenez, Lucas"]
[Result "0-1"]
[WhiteElo "939"]
[BlackElo "1049"]
[PlyCount "60"]
[EventDate "2020.??.??"]

1. e4 e5 2. Nf3 Nc6 3. Bc4 Bc5 4. b4 Bxb4 5. c3 Bc5 6. d4 exd4 7. O-O dxc3 8.
Bxf7+ Kxf7 9. Qd5+ Ke8 10. Qxc5 d6 11. Qxc3 Nf6 12. e5 dxe5 13. Nxe5 Bd7 14.
Nxc6 Bxc6 15. Bg5 Qd5 16. Re1+ Kd7 17. f3 Qxg5 18. Rd1+ Nd5 19. Na3 Rad8 20.
Nc4 Kc8 21. Qa5 Kb8 22. Rab1 b6 23. Qa3 Nf4 24. Rxd8+ Rxd8 25. Rb2 Rd1+ 26. Kf2
Qh4+ 27. g3 Qxh2+ 28. Ke3 Nd5+ 29. Ke4 Re1+ 30. Kd4 Qg1+ 0-1

[Event "Open Nuevo Centro. Jornada 5"]
[Site "Chess.com"]
[Date "2020.07.17"]
[Round "8"]
[White "Aguado, Pablo Luis"]
[Black "Garcia Trobat, Francisco"]
[Result "0-1"]
[WhiteElo "1928"]
[BlackElo "2156"]
[PlyCount "88"]
[EventDate "2020.??.??"]

1. d4 Nf6 2. c4 e6 3. Nc3 Bb4 4. Bd2 O-O 5. e3 d5 6. a3 Bd6 7. c5 Be7 8. Nf3 c6
9. Bd3 b6 10. b4 a5 11. O-O Bb7 12. Qc2 Nbd7 13. Na4 b5 14. Nc3 axb4 15. axb4
Qc7 16. Qb2 e5 17. Bf5 e4 18. Ne1 g6 19. Bh3 h5 20. f3 exf3 21. Nxf3 Ng4 22.
Ne2 Ndf6 23. Nf4 Ne4 24. Nd3 Bg5 25. Bxg4 hxg4 26. Nfe5 g3 27. h3 Kg7 28. Nf4
Rxa1 29. Rxa1 Bxf4 30. exf4 f6 31. Nf3 Bc8 32. Be3 Bf5 33. Qa3 Rf7 34. Qa6 Re7
35. Qb6 Qd7 36. Bc1 Nc3 37. Bd2 Na4 38. Rxa4 bxa4 39. b5 Re6 40. bxc6 Rxc6 41.
Qb5 Qe6 42. Qxa4 Be4 43. Nh4 Ra6 44. Qb5 Ra1+ 0-1

[Event "Open Nuevo Centro. Jornada 5"]
[Site "Chess.com"]
[Date "2020.07.17"]
[Round "8"]
[White "Valero Artagoitia, Sara"]
[Black "Fernández Martín, Berta"]
[Result "1-0"]
[WhiteElo "590"]
[BlackElo "581"]
[PlyCount "73"]
[EventDate "2020.??.??"]

1. e4 e5 2. Nf3 Nc6 3. Bb5 f6 4. O-O a6 5. Ba4 Bc5 6. Bb3 d6 7. Bxg8 Rxg8 8. d3
Be6 9. Nc3 Qd7 10. h3 O-O-O 11. a3 h6 12. b4 Bb6 13. Na4 Bd4 14. c4 Bxa1 15. b5
axb5 16. cxb5 Nd4 17. b6 Bb3 18. Qd2 Bxa4 19. Qc3 Bxc3 20. Be3 Qb5 21. Nxd4
Qxd3 22. Ne6 Rd7 23. Nxc7 Qxe4 24. f3 Qxe3+ 25. Rf2 Qxb6 26. g4 g5 27. h4 Qxc7
28. h5 Bd4 29. Kg2 Re8 30. Kg3 e4 31. Kg2 exf3+ 32. Rxf3 Bb5 33. Rf2 d5 34. Rf3
Qe5 35. Rf2 Qe4+ 36. Rf3 Qe2+ 37. Kg3 1-0

[Event "Open Nuevo Centro. Jornada 5"]
[Site "Chess.com"]
[Date "2020.07.17"]
[Round "8"]
[White "Kovacevic, Slobodan"]
[Black "Hassomal Daswani, Birjkumar"]
[Result "1-0"]
[WhiteElo "2187"]
[BlackElo "1842"]
[PlyCount "99"]
[EventDate "2020.??.??"]

1. d4 Nf6 2. Nf3 d6 3. Bg5 Nbd7 4. c4 h6 5. Bh4 c5 6. d5 e5 7. Nc3 Be7 8. Bxf6
Bxf6 9. e4 O-O 10. h3 Re8 11. Bd3 a6 12. O-O Nf8 13. Kh2 Ng6 14. Re1 Nf4 15.
Bf1 Qd7 16. Ng1 Qe7 17. g3 Ng6 18. Qc2 Bd7 19. a4 Nf8 20. a5 g6 21. Reb1 Bg7
22. Nf3 f5 23. Bd3 Nh7 24. exf5 gxf5 25. Bxf5 Bxf5 26. Qxf5 Rf8 27. Qd3 Qf7 28.
Kg2 Ng5 29. Nxg5 Qxf2+ 30. Kh1 hxg5 31. Ne4 Qf3+ 32. Qxf3 Rxf3 33. Kg2 Re3 34.
Nxd6 Rf8 35. Re1 Rd3 36. Re2 e4 37. Nxe4 Bd4 38. Rf1 Rxf1 39. Kxf1 Rd1+ 40. Kg2
Ra1 41. Nxg5 Rxa5 42. Ne6 Ra1 43. d6 Bf6 44. d7 Rd1 45. Nxc5 Kf7 46. Rf2 b6 47.
Ne4 Rxd7 48. Nxf6 Rd4 49. Nd5+ Ke6 50. Nxb6 1-0

[Event "Open Nuevo Centro. Jornada 5"]
[Site "Chess.com"]
[Date "2020.07.17"]
[Round "8"]
[White "Hernández Tomás, Efrén"]
[Black "Sanchis Bon, Sergi"]
[Result "1-0"]
[WhiteElo "1008"]
[BlackElo "904"]
[PlyCount "101"]
[EventDate "2020.??.??"]

1. e4 Nc6 2. Nf3 Nf6 3. Nc3 e5 4. Bc4 Bc5 5. O-O d6 6. h3 O-O 7. d3 Bd7 8. Bg5
h6 9. Bh4 g5 10. Nxg5 hxg5 11. Bxg5 Nh7 12. Bxd8 Raxd8 13. Bd5 Kh8 14. Bxc6
Bxc6 15. Qg4 Rg8 16. Qh5 Rg7 17. Nd5 Bxd5 18. exd5 Rdg8 19. g3 Rg5 20. Qxf7
R5g7 21. Qf3 Rf8 22. Qe2 Rxg3+ 23. Kh2 Rg7 24. Rg1 Rxf2+ 25. Qxf2 Bxf2 26. Rxg7
Kxg7 27. Rf1 Bd4 28. c3 Bb6 29. c4 c6 30. b4 cxd5 31. cxd5 a5 32. b5 a4 33. a3
Ba7 34. Re1 Ng5 35. Kg3 Nf7 36. Re4 Ng5 37. Rxa4 Bd4 38. Ra8 Bc5 39. a4 b6 40.
Ra7+ Kg6 41. Ra8 Kh5 42. Rh8+ Kg6 43. Rg8+ Kf6 44. h4 Nf7 45. h5 Kf5 46. Rf8
Kf6 47. h6 Be3 48. h7 Kg7 49. Rxf7+ Kxf7 50. h8=Q Bd4 51. Qh7+ 1-0

[Event "Open Nuevo Centro. Jornada 5"]
[Site "Chess.com"]
[Date "2020.07.17"]
[Round "8"]
[White "Perrot, Fabien"]
[Black "Maestre Soler, Sergio"]
[Result "1/2-1/2"]
[WhiteElo "968"]
[BlackElo "904"]
[PlyCount "138"]
[EventDate "2020.??.??"]

1. d4 e6 2. c4 Nf6 3. Bg5 g6 4. e4 h6 5. Bxf6 Qxf6 6. e5 Qf5 7. Qf3 Qxf3 8.
Nxf3 Nc6 9. Nc3 Nb4 10. O-O-O d6 11. a3 Nc6 12. Nb5 Kd7 13. Bd3 dxe5 14. Nxe5+
Nxe5 15. dxe5 a6 16. Nc3 Ke8 17. Rhf1 Be7 18. f4 g5 19. g3 gxf4 20. gxf4 h5 21.
Rg1 h4 22. Rg7 Bf8 23. Rg4 Be7 24. Rdg1 Kd7 25. Rg8 Rxg8 26. Rxg8 b6 27. Kd2
Bb7 28. Rxa8 Bxa8 29. Ne4 Bxe4 30. Bxe4 b5 31. h3 bxc4 32. Kc3 f5 33. Bf3 Bf8
34. Kxc4 Bh6 35. Kc5 Bxf4 36. Kd4 Bc1 37. b3 Bxa3 38. Bh5 a5 39. Bf7 Ke7 40.
Bh5 Kf8 41. Kc4 Kg7 42. Kb5 Kh6 43. Ka4 Kxh5 44. Kxa3 Kg5 45. Ka4 Kf4 46. Kxa5
Kg3 47. b4 Kxh3 48. b5 Kg3 49. Ka6 h3 50. Kb7 h2 51. Kxc7 h1=Q 52. b6 Qd1 53.
b7 Qc1+ 54. Kb6 Qb1+ 55. Ka7 Qxb7+ 56. Kxb7 f4 57. Kc7 f3 58. Kd7 f2 59. Kxe6
f1=Q 60. Kd5 Qd3+ 61. Ke6 Qb3+ 62. Kf6 Kf4 63. e6 Qc3+ 64. Kf7 Qc7+ 65. e7 Qc4+
66. Kf8 Qc8+ 67. e8=Q Qf5+ 68. Qf7 Ke4 69. Qxf5+ Kxf5 1/2-1/2

[Event "Open Nuevo Centro. Jornada 5"]
[Site "Chess.com"]
[Date "2020.07.17"]
[Round "8"]
[White "Roca Cruz, Rafael"]
[Black "Pedros Viudes, Santiago"]
[Result "1-0"]
[WhiteElo "1831"]
[BlackElo "1920"]
[PlyCount "115"]
[EventDate "2020.??.??"]

1. d4 Nf6 2. c4 e5 3. dxe5 Ne4 4. a3 d6 5. Nf3 Nc6 6. h3 dxe5 7. Qxd8+ Kxd8 8.
Nc3 Nc5 9. Nd2 a5 10. Nd5 Be6 11. e3 f6 12. Rb1 Ne7 13. b4 Bxd5 14. cxd5 axb4
15. axb4 Na6 16. Bc4 c6 17. dxc6 bxc6 18. b5 cxb5 19. Bxb5 Nc7 20. Bd3 Ned5 21.
O-O Bd6 22. Be4 Kd7 23. Nc4 Rab8 24. Rxb8 Rxb8 25. Rd1 Ke6 26. Nxd6 Kxd6 27.
Bxd5 Nxd5 28. e4 Rb5 29. Rxd5+ Rxd5 30. exd5 Kxd5 31. Kf1 f5 32. Ke2 f4 33. f3
g5 34. Bb2 e4 35. fxe4+ Kxe4 36. Bf6 Kf5 37. Bd8 h5 38. Bc7 g4 39. Kf2 Ke4 40.
Bb8 Kf5 41. Ke2 Ke4 42. hxg4 hxg4 43. Kf1 Ke3 44. Ba7+ Ke4 45. Kf2 Kf5 46. Kg1
Ke4 47. Kf2 Kd3 48. Bb8 Ke4 49. Ke1 Ke3 50. Ba7+ Ke4 51. Kd2 f3 52. g3 f2 53.
Bxf2 Kf3 54. Be1 Kg2 55. Ke2 Kh2 56. Ke3 Kg2 57. Kf4 Kf1 58. Kxg4 1-0

[Event "Open Nuevo Centro. Jornada 5"]
[Site "Chess.com"]
[Date "2020.07.17"]
[Round "8"]
[White "Garcia, Jhoel"]
[Black "Blanco Solaz, Ramón"]
[Result "0-1"]
[WhiteElo "2420"]
[BlackElo "1958"]
[PlyCount "148"]
[EventDate "2020.??.??"]

1. g3 d6 2. Bg2 e5 3. c4 g6 4. Nc3 Bg7 5. e3 Nc6 6. Nge2 Be6 7. Nd5 f5 8. O-O
Nf6 9. b3 Bxd5 10. cxd5 Ne7 11. Nc3 O-O 12. Bb2 g5 13. d3 Ng6 14. Ne2 h5 15.
Rc1 Rc8 16. Qd2 Qe7 17. Qb4 b6 18. a4 Qf7 19. f4 gxf4 20. exf4 Nxd5 21. Qc4 Ne3
22. Qxf7+ Rxf7 23. Rf2 Nxg2 24. Kxg2 exf4 25. Bxg7 fxg3 26. Nxg3 Kxg7 27. Nxf5+
Kh7 28. Ng3 Rcf8 29. Rxf7+ Rxf7 30. Nxh5 Kh6 31. Ng3 Nf4+ 32. Kh1 Nxd3 33. Rc4
Ne1 34. Re4 Nf3 35. Kg2 Ne5 36. h4 Kg6 37. h5+ Kg5 38. Re1 Ng4 39. Re2 d5 40.
Rd2 c6 41. Re2 c5 42. Re8 Rf2+ 43. Kg1 Rf3 44. Kg2 Rxb3 45. Rg8+ Kh4 46. Nf5+
Kxh5 47. Ng3+ Rxg3+ 48. Kxg3 Ne3 49. Ra8 a5 50. Kf4 Nc4 51. Kf5 Kh4 52. Rb8 Kg3
53. Ke6 d4 54. Kd5 Nb2 55. Rxb6 Nxa4 56. Rg6+ Kf2 57. Kc4 Ke3 58. Rg3+ Ke2 59.
Rg2+ Kf3 60. Ra2 Nc3 61. Rxa5 Ne4 62. Kd3 Nf2+ 63. Kc4 Ke3 64. Rxc5 d3 65. Re5+
Ne4 66. Rh5 d2 67. Rh3+ Ke2 68. Rh1 Nf2 69. Ra1 Nd3 70. Kc3 Nc1 71. Kc2 d1=Q+
72. Kb1 Nd3+ 73. Ka2 Qa4+ 74. Kb1 Qb3# 0-1

[Event "Open Nuevo Centro. Jornada 5"]
[Site "Chess.com"]
[Date "2020.07.17"]
[Round "8"]
[White "Bascuñana Sánchez, Pablo"]
[Black "Castellano López, Javier"]
[Result "1/2-1/2"]
[WhiteElo "1594"]
[BlackElo "1846"]
[PlyCount "182"]
[EventDate "2020.??.??"]

1. e4 c6 2. d4 d5 3. exd5 cxd5 4. Bd3 Nc6 5. c3 Qc7 6. Nf3 Bg4 7. h3 Bh5 8.
Nbd2 e6 9. O-O Nf6 10. b3 Bd6 11. Bb2 O-O 12. c4 Rac8 13. c5 Be7 14. a3 a5 15.
Bc3 b6 16. b4 axb4 17. axb4 bxc5 18. bxc5 Rfd8 19. Qc2 Bg6 20. Bxg6 hxg6 21.
Rfb1 Rb8 22. Rxb8 Rxb8 23. Rb1 Ra8 24. Ra1 Rb8 25. Rb1 Ra8 26. Ra1 Rxa1+ 27.
Bxa1 Qa5 28. Nb3 Qb4 29. Qc3 Qa3 30. Bb2 Qa2 31. Nfd2 Bd8 32. Qc1 Bc7 33. Qa1
Qxa1+ 34. Bxa1 Nb4 35. Bc3 Nc6 36. g3 Kf8 37. h4 Nh5 38. Kg2 Ke7 39. Kf3 Nf6
40. g4 Nd7 41. Nb1 f6 42. Na3 e5 43. dxe5 fxe5 44. Nb5 Bb8 45. Nd2 Nxc5 46. Na3
Ke6 47. Nb5 e4+ 48. Ke3 Ne5 49. Bxe5 Bxe5 50. Nd4+ Kd6 51. Nb5+ Kc6 52. Nd4+
Kb6 53. f4 exf3 54. N2xf3 Bf6 55. g5 Be7 56. Ne5 Kc7 57. Nxg6 Bd6 58. Nf4 Kd7
59. Nxd5 Bg3 60. Kf3 Bxh4 61. g6 Kd6 62. Nf4 Bf6 63. Nf5+ Ke5 64. Ng3 Nd7 65.
Ngh5 Kf5 66. Nxf6 Nxf6 67. Kg3 Ne4+ 68. Kf3 Ng5+ 69. Ke3 Ne6 70. Nxe6 Kxe6 71.
Kf4 Kf6 72. Kf3 Kxg6 73. Kg4 Kf6 74. Kf4 g6 75. Kg4 g5 76. Kg3 Kg6 77. Kg4 Kh6
78. Kg3 Kh5 79. Kh3 g4+ 80. Kg3 Kg5 81. Kg2 Kf4 82. Kf2 Kf5 83. Kg3 Kg5 84. Kg2
Kh4 85. Kh2 g3+ 86. Kg2 Kg4 87. Kg1 Kf4 88. Kg2 Kg4 89. Kg1 Kh3 90. Kh1 Kh4 91.
Kg2 Kg4 1/2-1/2

[Event "Open Nuevo Centro. Jornada 5"]
[Site "Chess.com"]
[Date "2020.07.17"]
[Round "9"]
[White "Ainsa Jimenez, Lucas"]
[Black "Garrido Silos, Pablo"]
[Result "0-1"]
[WhiteElo "1046"]
[BlackElo "1437"]
[PlyCount "30"]
[EventDate "2020.??.??"]

1. e4 e6 2. d4 d5 3. exd5 exd5 4. Nf3 Nf6 5. Nc3 Bb4 6. Bd2 O-O 7. a3 Bxc3 8.
Bxc3 Bg4 9. h3 Re8+ 10. Be2 Bxf3 11. gxf3 c6 12. O-O Qd7 13. Kg2 Nh5 14. Rg1
Nf4+ 15. Kh2 Qxh3# 0-1

[Event "Open Nuevo Centro. Jornada 5"]
[Site "Chess.com"]
[Date "2020.07.17"]
[Round "9"]
[White "Bosch Jordà, Ricard"]
[Black "Llorens Ferrer, Francisco"]
[Result "1/2-1/2"]
[WhiteElo "1908"]
[BlackElo "1649"]
[PlyCount "30"]
[EventDate "2020.??.??"]

1. e4 e5 2. Nf3 Nc6 3. Bb5 a6 4. Ba4 d6 5. d4 b5 6. Bb3 Nxd4 7. Nxd4 exd4 8. a4
Rb8 9. axb5 axb5 10. Qxd4 c5 11. Qd5 Be6 12. Qc6+ Bd7 13. Qd5 Be6 14. Qc6+ Bd7
15. Qd5 Be6 1/2-1/2

[Event "Open Nuevo Centro. Jornada 5"]
[Site "Chess.com"]
[Date "2020.07.17"]
[Round "9"]
[White "Garcia, Jhoel"]
[Black "Bascuñana Sánchez, Pablo"]
[Result "1-0"]
[WhiteElo "2420"]
[BlackElo "1594"]
[PlyCount "45"]
[EventDate "2020.??.??"]

1. e4 c5 2. Nf3 g6 3. d4 cxd4 4. Nxd4 Nc6 5. Nc3 Bg7 6. Be3 Nf6 7. h4 O-O 8.
Be2 d5 9. Nxc6 bxc6 10. e5 Ne8 11. f4 f6 12. h5 fxe5 13. hxg6 hxg6 14. fxe5
Bxe5 15. Bd4 Bxd4 16. Qxd4 Nf6 17. O-O-O Qd6 18. Bd3 Kg7 19. Qh4 Bg4 20. Qh6+
Kg8 21. Bxg6 Bh5 22. Rxh5 Nxh5 23. Qh7# 1-0

[Event "Open Nuevo Centro. Jornada 5"]
[Site "Chess.com"]
[Date "2020.07.17"]
[Round "9"]
[White "Perez Garcia, Jose Miguel"]
[Black "Saiz Sapena, Veronica"]
[Result "1/2-1/2"]
[WhiteElo "2041"]
[BlackElo "1608"]
[PlyCount "61"]
[EventDate "2020.??.??"]

1. e4 c6 2. Nf3 d5 3. exd5 cxd5 4. Ne5 Be6 5. Bb5+ Nd7 6. Qf3 Ngf6 7. g4 h6 8.
h4 a6 9. Bxd7+ Bxd7 10. Rg1 Qc7 11. d4 Be6 12. Nc3 O-O-O 13. Bf4 Qa5 14. g5 Ne4
15. Bd2 Nxd2 16. Kxd2 hxg5 17. hxg5 g6 18. Nxf7 Bxf7 19. Qxf7 Qc7 20. Qe6+ Kb8
21. Qe5 Qxe5 22. dxe5 Bg7 23. f4 e6 24. Rg2 Rhf8 25. Ne2 Rc8 26. c3 Rf7 27. Rf1
Rh8 28. Rff2 Bf8 29. Rh2 Rfh7 30. Rxh7 Rxh7 31. Nd4 1/2-1/2

[Event "Open Nuevo Centro. Jornada 5"]
[Site "Chess.com"]
[Date "2020.07.17"]
[Round "9"]
[White "Castellano López, Javier"]
[Black "Orts Tomás, Marc"]
[Result "1-0"]
[WhiteElo "1851"]
[BlackElo "1722"]
[PlyCount "51"]
[EventDate "2020.??.??"]

1. d4 Nf6 2. c4 e6 3. Nc3 Bb4 4. Qc2 Nc6 5. Nf3 d6 6. a3 Bxc3+ 7. Qxc3 Kf8 8.
Bg5 Ke7 9. e4 h6 10. Bxf6+ gxf6 11. Bd3 Rg8 12. g3 e5 13. d5 Nb8 14. c5 Bg4 15.
Nh4 Nd7 16. f3 Bh3 17. b4 h5 18. Kd2 Rc8 19. a4 Qf8 20. Rab1 Qh6+ 21. Ke2 Kf8
22. cxd6 cxd6 23. Qxc8+ Kg7 24. Qxb7 Nf8 25. g4 hxg4 26. Nf5+ 1-0

[Event "Open Nuevo Centro. Jornada 5"]
[Site "Chess.com"]
[Date "2020.07.17"]
[Round "9"]
[White "Carbonell Bofill, Carlos Eloy"]
[Black "Donate Moreno, David"]
[Result "1-0"]
[WhiteElo "1993"]
[BlackElo "1587"]
[PlyCount "33"]
[EventDate "2020.??.??"]

1. d4 Nf6 2. Nf3 g6 3. Bf4 Bg7 4. e3 O-O 5. h3 d5 6. Bd3 Bf5 7. Bxf5 gxf5 8. g4
fxg4 9. hxg4 Nxg4 10. Rxh7 Kxh7 11. Ng5+ Kg8 12. Qxg4 Qc8 13. Qh5 Rd8 14. Qxf7+
Kh8 15. Qg6 Kg8 16. Be5 Qf5 17. Qxg7# 1-0

[Event "Open Nuevo Centro. Jornada 5"]
[Site "Chess.com"]
[Date "2020.07.17"]
[Round "9"]
[White "Fernández Martín, Berta"]
[Black "Simó Serrano, Javier"]
[Result "0-1"]
[WhiteElo "573"]
[BlackElo "898"]
[PlyCount "46"]
[EventDate "2020.??.??"]

1. e4 e5 2. Nf3 Nc6 3. d4 f6 4. d5 Nd4 5. Nxd4 exd4 6. Qxd4 Ne7 7. c4 d6 8. Bf4
g5 9. Be3 Ng6 10. g3 Ne5 11. Bg2 Bg4 12. O-O Nf3+ 13. Kh1 Ne5 14. b3 Qd7 15.
Nc3 Bh3 16. Bd2 Bxg2+ 17. Kxg2 Bh6 18. Nb5 c6 19. Nc3 O-O-O 20. c5 dxc5 21.
Qxc5 Nd3 22. Be3 Nxc5 23. Bxc5 f5 0-1

[Event "Open Nuevo Centro. Jornada 5"]
[Site "Chess.com"]
[Date "2020.07.17"]
[Round "9"]
[White "Valverde Alcaide, Miguel Alejandro"]
[Black "Morata Briones, Carlos"]
[Result "0-1"]
[WhiteElo "862"]
[BlackElo "957"]
[PlyCount "62"]
[EventDate "2020.??.??"]

1. d4 d5 2. Na3 c5 3. Qd3 e6 4. c4 Nf6 5. cxd5 Qxd5 6. Nf3 cxd4 7. Qxd4 Qa5+ 8.
Bd2 Qd5 9. e3 Nc6 10. Qxd5 Nxd5 11. e4 Nf6 12. e5 Ne4 13. Nb5 Nxd2 14. Nc7+ Kd8
15. Nxa8 Nxf1 16. Rg1 Nxh2 17. Nxh2 Bd7 18. Rd1 Kc8 19. Nf3 Be8 20. Ke2 Kb8 21.
Rd3 Kxa8 22. Rgd1 Be7 23. b4 a6 24. a4 Ka7 25. b5 axb5 26. axb5 Nb4 27. Ra3+
Kb6 28. Rb3 Bxb5+ 29. Ke3 Nd5+ 30. Ke4 f5+ 31. Kd4 Bc5# 0-1